The scientific revolution
Spremljeno u:
| Glavni autor: | |
|---|---|
| Format: | Knjiga |
| Jezik: | Undetermined |
| Izdano: |
London
Methuen
1983
|
| Teme: | |
| Oznake: |
Dodaj oznaku
Bez oznaka, Budi prvi tko označuje ovaj zapis!
|
| Thư viện lưu trữ: | Trung tâm Học liệu Trường Đại học Cần Thơ |
|---|
| LEADER | 00476nam a2200181Ia 4500 | ||
|---|---|---|---|
| 001 | CTU_80097 | ||
| 008 | 210402s9999 xx 000 0 und d | ||
| 082 | |a 509 | ||
| 082 | |b H287 | ||
| 100 | |a Harman, P. M. | ||
| 245 | 4 | |a The scientific revolution | |
| 245 | 0 | |c P. M. Harman | |
| 260 | |a London | ||
| 260 | |b Methuen | ||
| 260 | |c 1983 | ||
| 650 | |a Science history,Science renaissance | ||
| 904 | |i Trọng Hải | ||
| 980 | |a Trung tâm Học liệu Trường Đại học Cần Thơ | ||